Automatizácia dokumentácie a evidencie múzejných fondov SSR kandidátska dizertačná práca

Gespeichert in:
Bibliographische Detailangaben
1. Verfasser: Dulová, Miroslava
Körperschaft: Vysoká škola ekonomická v Bratislave. Fakulta riadenia
Weitere Verfasser: Baláži, Štefan
Format: Buch
Sprache:Slowakisch
Veröffentlicht: Bratislava 1983
Tags: Tag hinzufügen
Keine Tags, Fügen Sie das erste Tag hinzu!

MARC

LEADER 00000nam a2200000 4500
001 c027927
005 20250131110904.1
041 0 |a slo 
044 |a SK 
245 1 0 |a Automatizácia dokumentácie a evidencie múzejných fondov SSR  |b kandidátska dizertačná práca  |c Miroslava Dulová ; Ved. práce Štefan Baláži 
264 1 |a Bratislava  |c 1983 
300 |a 136 s. 
100 1 |a Dulová, Miroslava 
700 1 |a Baláži, Štefan 
710 2 |a Vysoká škola ekonomická v Bratislave. Fakulta riadenia